Pasa el viento: antología poética, 1942-1998

Bewaard in:
Bibliografische gegevens
Hoofdauteur: Delmar, Meira (Auteur)
Formaat: Boek
Taal:Spaans
Gepubliceerd in: Bogotá Instituto Caro y Cuervo 2000
Reeks:Serie La Granada Entreabierta, 88
Onderwerpen:
Tags: Voeg label toe
Geen labels, Wees de eerste die dit record labelt!

MARC

LEADER 00000nam a2200000 a 4500
001 UCO8408
003 CL-VaPUC
008 001207e20000000CK |||||||||||||||||spa|d
082 0 4 |a Co861  |b DEL  |2 21 
100 0 |a Delmar, Meira  |e author  |9 453336 
245 1 0 |a Pasa el viento: antología poética, 1942-1998 
300 |a 244 p 
942 |c BK 
945 |d 20001207 00:00:00  |a vberengu 
260 |a Bogotá  |b Instituto Caro y Cuervo  |c 2000 
650 0 |a Literatura colombiana   |9 315578 
650 7 |a POESIA COLOMBIANA  |2 CL-VaPUC  |9 376916 
583 |a last modification  |c 20001207 00:00:00  |k Rodrigo Vera 
490 0 |a Serie La Granada Entreabierta, 88 
999 |c 293073  |d 293071 
952 |0 0  |1 0  |4 0  |6 CO_861_000000000000000_DEL_2000  |7 0  |8 A  |9 344247  |a BIBEDU  |b BIBEDU  |c ES_NOD  |d 2019-11-20  |i 367309K  |l 1  |o Co861 DEL 2000  |p 367309K  |r 2023-08-09  |s 2022-03-21  |w 2019-11-20  |y BK  |k LIT 
952 |0 0  |1 0  |4 0  |6 CO_861_000000000000000_DEL_2000  |7 0  |8 A  |9 344248  |a BIBEDU  |b BIBEDU  |c ES_NOD  |d 2019-11-20  |i 3695964  |o Co861 DEL 2000  |p 3695964  |r 2023-08-09  |w 2019-11-20  |y BK  |k LIT